000 00957nac a22002651u 4500
010 _a 2005328631
020 _a0672328631 (pbk.)
035 _a(OCoLC)ocm62891664
082 0 0 _a005.7585
_bNEW
090 _c8068
_d8068
100 _aNewman, Chris.
245 1 0 _aMySQL in 10 minutes /
_cChris Newman.
246 3 _aSams teach yourself MySQL in 10 minutes
260 _aIndianapolis, Ind. :
_bSams,c2006.
_cc2006.
300 _avii, 277 p. :
_bill. ;
_c21 cm.
440 0 _aSams teach yourself
500 _aIncludes index.
500 _aDistributer: Al-Ahram.
511 _aCatalogued By: Mahitab.
650 0 _aSQL (Computer program language)
650 0 _aDatabase management.
856 4 1 _3Table of contents only
_uhttp://www.loc.gov/catdir/toc/fy0704/2005328631.html
942 _cBB
_k005.7585NEW
999 _c8068
_d8068